Statistics for Countries with Longest Wikipedia Articles by Continent

Click here to take the quiz!

General Stats

  • This quiz has been taken 62 times
  • The average score is 27 of 30

Answer Stats

Words% Correct
China112,188
100%
Egypt60,417
100%
France114,967
100%
Russia122,144
100%
EuropeUnited Kingdom132,424
100%
AustraliaAustralia96,980
98%
Canada77,867
98%
Germany96,143
98%
AsiaIndia114,170
98%
Mexico95,909
98%
New Zealand76,058
98%
AfricaSouth Africa68,762
98%
Argentina63,772
96%
South AmericaBrazil73,952
96%
Chile53,785
96%
Italy90,909
96%
Peru59,445
96%
North AmericaUnited States135,360
95%
Venezuela51,267
95%
Fiji48,732
93%
Cuba63,509
91%
Ethiopia54,380
88%
Pakistan96,255
86%
Israel101,299
84%
Tonga29,582
82%
Guatemala66,319
80%
Somalia61,895
73%
Philippines101,396
70%
Tunisia67,265
70%
Tuvalu58,411
66%

Score Distribution

Percentile by Number Answered

Percent of People with Each Score

Your Score History

You have not taken this quiz